000 00379nam a2200157Ia 4500
008 230711s9999||||xx |||||||||||||| ||und||
041 _aENG
082 _a541
_bPU-P
100 _aPuri,B.R.
245 0 _aPrinciples of physical Chemistry
250 _a1st . Ed.
260 _c2003
_aNew Delhi
_bVishal Publishing
650 _aChemistry
700 _aPathania,M.S.
942 _cBK
999 _c4148
_d4148